000 00464nam a2200181Ia 4500
003 GCL
008 140319s9999 xx 000 0 eng d
040 _aGCL /
_cGCL
082 0 4 _a912.62
_bG E
100 1 _aGEO PROJECTS
245 1 0 _aEGYPT: WITH CITY MAPS OF CAIRO AND ALEXANDRIA /
_cGEO PROJECTS
260 _a[S.N] :
_bGEO PROJECTS
650 0 4 _aMAPS
650 0 4 _aEGYPT - MAPS
650 0 4 _aCAIRO - MAPS
650 0 4 _aALEXANDRIA - MAPS
942 _2ddc
_cBK
999 _c14947
_d14947